000
00372nam a2200109Ia 4500
008
221009s9999 xx 000 0 und d
082
_a
001
100
_a
संजीत कुमार
_9
49411
245
0
_a
मध्य प्रदेश सामान्य ज्ञान
260
_b
अरिहन्त पब्लिकेशन्स
942
_c
BK
999
_c
65358
_d
65358